Garlic Dishes - Sudden Death - Statistics

General Stats
  • This quiz has been taken 74 times
  • The average score is 5 of 16
Answers on the Grid
Answers color-coded by a green-red scale on the quiz's grid according to % correct below.
Polpo all'agliata
Garlic fingers
New Orleans-style BBQ shrimps
Česnečka
Sopa de ajo
Bagna càuda
Moules à la provençale
Pesto rigatoni
Sinangag
Makalo on bread
Morning glory stir-fry / Pad pak bung
Tzatziki
Baba ghanoush
Escargots de Bourgogne
Vanillerostbraten
Bruschetta
Umeboshi
Greek salad
Mesclun
BLT
Nattō
Tamagoyaki
Cacio e pepe
Fårikål
Laplap
Puto bumbong
Bryndzové halušky
Ugali
 
Answer Stats
Answer % Correct
Garlic fingers
72%
Escargots de Bourgogne
60%
Tzatziki
52%
Baba ghanoush
46%
Bruschetta
44%
Pesto rigatoni
42%
Morning glory stir-fry / Pad pak bung
36%
New Orleans-style BBQ shrimps
32%
Sopa de ajo
32%
Moules à la provençale
26%
Polpo all'agliata
22%
Makalo on bread
20%
Vanillerostbraten
14%
Bagna càuda
10%
Česnečka
8%
Sinangag
8%
No matching quizzes found
Score Distribution
Percent of People with Each Score
Percentile by Number Answered
Your Score History
You have not taken this quiz